• 首页
  • 本馆介绍
  • 公告通知
  • 最新文献
  • 馆藏检索
  • 电子资源
  • 读者导购
  • 参考咨询
  • 我的图书馆
  • 登录
  • 详细信息显示
  • 放入我的书架
  • 预约/预借图书
  • 作者相关作品
  • 分类相关作品
  • 丛书相关作品
  • 出版社相关作品

书目信息

  • 表格格式
  • 工作单格式
  • 卡片格式
题名:
中国文学家大辞典
    
 
作者: 谭正璧 编
分册:  
出版信息: 上海   上海书店  1981.3
页数: 1746,50页
开本: 21cm
丛书名:
单 册:
中图分类: K825.6-61
科图分类:
主题词: 人物--传记--中国
电子资源:
ISBN:
000 00526nam0 2200181 45
001 0181012586
005 20070731171519.06
010    @dCNY8.30@b精装
100    @a20810111d km y0chiy0120 ea
101 0  @achi
200 1  @a中国文学家大辞典@Aznong guo wen xue jia da ci dian@f谭正璧编@FTan Zheng Bi Bian
210    @a上海@c上海书店@d1981.3
215    @a1746,50页@d21cm
606 0  @a人物@x传记@x中国
690    @aK825.6-61@v3
701 0  @a谭正璧@4编
801    @aCN@bTSTC@c20070731
905    @dK825.6-61@f3@b73252-254@e4@b96654@f1
    
    中国文学家大辞典/谭正璧编.-上海:上海书店,1981.3
    1746,50页;21cm
    
    
    ISBN (精装):CNY8.30
    
●
相关链接 在E读中查询图书 在五车中查询图书 在当当中查询图书 在豆瓣中查询图书


正题名:中国文学家大辞典     索取号:K825.6-61/4         预约/预借

序号 登录号 条形码 馆藏地/架位号 状态 备注
1 0073252   000807577   密集书库/ [索取号:K825.6-61/4] 在馆    
2 0073253   002037352   密集书库/ [索取号:K825.6-61/4] 在馆    
3 0073254   000807611   工具书阅览室/ [索取号:K825.6-61/4] 在馆    
4 0079163   000807586   第二样本阅览室/ [索取号:K825.6-61/4] 在馆    
5 0096654   002037343   密集书库/ [索取号:K825.6-61/4] 在馆    
6 0790475   207904758   密集书库/ [索取号:K825.6-61/4] 在馆    
唐山师范学院图书馆 欢迎您!
大连网信软件有限公司© 版权所有